| 000 | 00904nam a2200241 i 4500 | ||
|---|---|---|---|
| 001 | 37635 | ||
| 003 | ES-MaACL | ||
| 005 | 20250801090216.0 | ||
| 007 | t| | ||
| 008 | 030221s1978 sp ||||1| spa d | ||
| 020 | _a84-265-7213-8 | ||
| 080 | _a087.5:82 | ||
| 100 | 1 |
_aCaballero, Fernán. _933079 |
|
| 245 | 1 | 0 |
_aCuentos de encantamiento y otros cuentos populares / _cFernán Caballero [seud. de Cecilia Boehl de Faber] ; edición, introducción y notas, Carmen Bravo Villasante. |
| 260 |
_aMadrid : _bMagisterio Español, _c[1978] |
||
| 300 |
_a150 p. ; _c19 cm. |
||
| 490 | 1 |
_aNovelas y cuentos ; _v214. Literatura española. Narraciones siglo XIX |
|
| 504 | _aBibliografía: p. 25-26. | ||
| 700 | 1 |
_aBravo-Villasante, Carmen, _d1918-1994 _931507 |
|
| 830 | 1 | 0 |
_aNovelas y cuentos _v214. Literatura española. Narraciones siglo XIX _9179596 |
| 852 |
_aES-MaACL _jA-8627 |
||
| 999 |
_c37635 _d37635 |
||